<?xml version="1.0" encoding="UTF-8"?>
<collection xmlns:xsi="http://www.w3.org/2001/XMLSchema-instance" xsi:schemaLocation="http://www.loc.gov/MARC21/slim http://www.loc.gov/standards/marcxml/schema/MARC21slim.xsd" xmlns="http://www.loc.gov/MARC21/slim">
 <record>
  <leader>00000nam a22000005i 4500</leader>
  <controlfield tag="001">UP-1685594773860422420</controlfield>
  <controlfield tag="003">Buklod</controlfield>
  <controlfield tag="005">20240116084601.0</controlfield>
  <controlfield tag="006">m    |o  d |      </controlfield>
  <controlfield tag="007">ta</controlfield>
  <controlfield tag="008">240116s2022    cau     r     001 0 eng  </controlfield>
  <datafield tag="020" ind1=" " ind2=" ">
   <subfield code="a">9781529723823 (pbk)</subfield>
  </datafield>
  <datafield tag="035" ind1=" " ind2=" ">
   <subfield code="a">22071878</subfield>
  </datafield>
  <datafield tag="040" ind1=" " ind2=" ">
   <subfield code="a">DLC</subfield>
   <subfield code="d">DLAW</subfield>
   <subfield code="e">rda</subfield>
  </datafield>
  <datafield tag="041" ind1=" " ind2=" ">
   <subfield code="a">eng</subfield>
  </datafield>
  <datafield tag="090" ind1=" " ind2=" ">
   <subfield code="a">KD 3302</subfield>
   <subfield code="b">S23 2022</subfield>
  </datafield>
  <datafield tag="100" ind1="1" ind2=" ">
   <subfield code="a">Sabbagh, Muna</subfield>
   <subfield code="e">author.</subfield>
  </datafield>
  <datafield tag="245" ind1="1" ind2="0">
   <subfield code="a">Social work law, ethics and policy</subfield>
   <subfield code="c">Muna Sabbagh, Gill Korgaonkar.</subfield>
  </datafield>
  <datafield tag="246" ind1="1" ind2="4">
   <subfield code="a">Social work law, ethics &amp; policy</subfield>
  </datafield>
  <datafield tag="264" ind1=" " ind2="1">
   <subfield code="a">Los Angeles</subfield>
   <subfield code="b">SAGE </subfield>
   <subfield code="c">[2022]</subfield>
  </datafield>
  <datafield tag="264" ind1=" " ind2="4">
   <subfield code="c">©2022</subfield>
  </datafield>
  <datafield tag="300" ind1=" " ind2=" ">
   <subfield code="a">xxx, 381 pages</subfield>
   <subfield code="c">24 cm.</subfield>
  </datafield>
  <datafield tag="336" ind1=" " ind2=" ">
   <subfield code="a">text</subfield>
   <subfield code="2">rdacontent</subfield>
  </datafield>
  <datafield tag="337" ind1=" " ind2=" ">
   <subfield code="a">unmediated</subfield>
   <subfield code="2">rdamedia</subfield>
  </datafield>
  <datafield tag="338" ind1=" " ind2=" ">
   <subfield code="a">volume</subfield>
   <subfield code="2">rdacarrier</subfield>
  </datafield>
  <datafield tag="500" ind1=" " ind2=" ">
   <subfield code="a">Includes index.</subfield>
  </datafield>
  <datafield tag="505" ind1="0" ind2=" ">
   <subfield code="a">Part I: The Legal Context of Social Work, Social Policy and Ethics-- Chapter 1: An Introduction to the English and Welsh Legal System-- Chapter 2: Human Rights-- Chapter 3: Anti-discrimination-- Chapter 4: Data Protection, Confidentiality, and Information Sharing-- Chapter 5: Ethical and Social Policy Considerations Relevant to the Legal Context of Social Work-- Part II: Social Work with Children and Families-- Chapter 6: The Law, Social Policy and Ethics Relating to Children and Families-- Chapter 7: Child Protection and Safeguarding under the Children Act 1989-- Chapter 8: Adoption and Fostering-- Chapter 9: The Youth Justice System-- Chapter 10: Ethical and Social Policy Considerations Relevant to Working with Children and Families-- Part III: Social Work with Adults-- Chapter 11: Adult Social Care and the Care Act 2014-- Chapter 12: Safeguarding Adults-- Chapter 13: Mental Health Law-- Chapter 14: Mental Capacity and the Mental Capacity Act 2005-- Chapter 15: Ethical and Social Policy Considerations Relevant to Working with Adults-- Part IV: Social Work in Practice Contexts-- Chapter 16: Domestic Abuse-- Chapter 17: Substance Misuse-- Chapter 18: Refugees, Asylum and Immigration-- Chapter 19: Welfare Benefits and Homelessness-- Chapter 20: Ethical and Social Policy Considerations Relevant to the Relief of Poverty-- Part V: Report Writing and Courtroom Skills-- Chapter 21: Report Writing for Social Workers-- Chapter 22: Giving Evidence in Court</subfield>
  </datafield>
  <datafield tag="520" ind1="0" ind2=" ">
   <subfield code="a">&quot;Understanding the law is a core part of your degree course, and an essential part of being a social worker in practice. You need to know the relevant areas of law, the legal processes, and how they relate to social work in practice, so that you are equipped with the knowledge and skills to fulfil your responsibilities to your client(/service user). This book covers all the areas of law you need to know: social work with children and families, vulnerable adults and social issues such as welfare and homelessness. Each section concludes with a discussion of how social policy and ethics relate to each area of social work law. This gives real-world context to what you have learnt, alongside thought boxes, exercises and case studies in each chapter to further encourage reflection and put theory into practice&quot;--</subfield>
   <subfield code="c">Provided by publisher.</subfield>
  </datafield>
  <datafield tag="650" ind1=" " ind2="0">
   <subfield code="a">Social workers</subfield>
   <subfield code="x">Legal status, laws, etc</subfield>
   <subfield code="z">England.</subfield>
  </datafield>
  <datafield tag="650" ind1=" " ind2="0">
   <subfield code="a">Social workers</subfield>
   <subfield code="x">Professional ethics.</subfield>
  </datafield>
  <datafield tag="650" ind1=" " ind2="0">
   <subfield code="a">Social policy.</subfield>
  </datafield>
  <datafield tag="650" ind1=" " ind2="0">
   <subfield code="a">Social workers</subfield>
   <subfield code="x">Legal status, laws, etc</subfield>
   <subfield code="z">Wales.</subfield>
  </datafield>
  <datafield tag="700" ind1="1" ind2=" ">
   <subfield code="a">Korgaonkar, Gill</subfield>
   <subfield code="e">author.</subfield>
  </datafield>
  <datafield tag="905" ind1=" " ind2=" ">
   <subfield code="a">FO</subfield>
  </datafield>
  <datafield tag="852" ind1="0" ind2=" ">
   <subfield code="a">UPD</subfield>
   <subfield code="b">DLAW</subfield>
   <subfield code="h">KD 3302</subfield>
   <subfield code="i">S23 2022</subfield>
  </datafield>
  <datafield tag="852" ind1="0" ind2=" ">
   <subfield code="a">UPD</subfield>
   <subfield code="b">DSWCD</subfield>
   <subfield code="h">KD 3302</subfield>
   <subfield code="i">S23 2022</subfield>
  </datafield>
  <datafield tag="942" ind1=" " ind2=" ">
   <subfield code="a">Book</subfield>
  </datafield>
 </record>
</collection>
